Методика расчета времени гидравлической отбойки угля в подготовительных забоях; Исследования молодых - регионам; Т. 2

Podrobná bibliografie
Parent link:Исследования молодых - регионам: сборник трудов I Всероссийской научно-практической конференции, 29-31 марта 2011 г., г. Томск/ Национальный исследовательский Томский политехнический университет (ТПУ), Новокузнецкий филиал (НФ); под ред. С. И. Каковихиной.— , 2011.— 978-5-98298-905-5
Т. 2.— 2011.— C. 272-275
Hlavní autor: Бартышев А. В.
Jazyk:ruština
Vydáno: 2011
Edice:Прикладные исследования в предметных областях знаний
Témata:
Médium: MixedMaterials Kapitola
KOHA link:https://koha.lib.tpu.ru/cgi-bin/koha/opac-detail.pl?biblionumber=251385

MARC

LEADER 00000naa2a2200000 4500
001 251385
005 20231031213511.0
035 |a (RuTPU)RU\TPU\book\273667 
035 |a RU\TPU\book\273666 
090 |a 251385 
100 |a 20140220d2011 k y0rusy50 ca 
101 0 |a rus 
102 |a RU 
200 1 |a Методика расчета времени гидравлической отбойки угля в подготовительных забоях  |f А. В. Бартышев 
225 1 |a Прикладные исследования в предметных областях знаний 
320 |a Библиогр.: с. 275 (5 назв.) 
461 1 |0 (RuTPU)RU\TPU\book\251726  |y 978-5-98298-905-5  |t Исследования молодых - регионам  |o сборник трудов I Всероссийской научно-практической конференции, 29-31 марта 2011 г., г. Томск  |f Национальный исследовательский Томский политехнический университет (ТПУ), Новокузнецкий филиал (НФ); под ред. С. И. Каковихиной  |d 2011 
463 0 |0 (RuTPU)RU\TPU\book\250367  |y 978-5-98298-907-9  |t Т. 2  |v C. 272-275  |d 2011  |p 420 с. 
610 1 |a расчет 
610 1 |a время 
610 1 |a гидравлическая отбойка 
610 1 |a подготовительные забои 
610 1 |a гидравлическая добыча 
610 1 |a уголь 
700 1 |a Бартышев  |b А. В. 
801 1 |a RU  |b 63413507  |c 20140203 
801 2 |a RU  |b 63413507  |c 20140411  |g RCR 
942 |c BK